00798nam a2200217 a 4500999001500000001000600015003000900021005001700030008004100047040003800088082002400126245008600150260007200236300002200308505001100330546002500341650002100366710005400387942001200441952012700453 c1422d142211007BD-DhUAP20200206133620.0200206s2007 bg l f001 0 eng d aBD-DhUAPcBD-DhUAPdBD-DhUAPbEng00a348.5492022 BAN22314aThe Bangladesh code :bordinance No. LVI of 1983 to ordinance No. XXXVI of 1980 / aDhaka :bMinistry of Law, Justice and Parliamentary Affairs,c2007. avolumes ;c24 cm. aV.25-- aEnglish and Bengali. 0aLawzBangladesh. aGovernment of the peoples republic of Bangladesh. 2ddccBK 00102ddc4070aUAPCLbUAPCLcGeneral Stacksd2020-02-06o348.5492022 BAN V-25p3010011007r2020-02-06t1w2020-02-06yBK